| 000 | 01304cam a2200241 a 4500 | ||
|---|---|---|---|
| 999 |
_c7811 _d7811 |
||
| 020 | _a9780763784690 (casebound) | ||
| 050 | 0 | 0 |
_aHD57.7 _b.P85 |
| 100 | 1 | _aPorter-O'Grady, Timothy. | |
| 245 | 1 | 0 |
_aQuantum leadership : _badvancing innovation, transforming health care / _cTim Porter-O'Grady, Kathy Malloch. |
| 250 | _a3rd ed. | ||
| 260 |
_aSudbury, MA : _bJones & Bartlett Learning, _cc2011. |
||
| 300 |
_axv, 528 p. : _bill. ; _c26 cm. |
||
| 500 | _aincludes bibliographic reference and index | ||
| 505 | 0 | _aA new vessel for leadership : new rules for a new age -- Thriving in complexity : ten principles for leaders in the coming age -- Evidentiary leadership : an expanded lens to determine healthcare value -- Creating context : innovation as a way of life -- Innovation leadership -- The leader as a peacemaker -- Crisis management -- Living leadership -- Healing brokenness -- Emotional competence -- Toxic organizations -- Transformational coaching -- The leader's courage to be willing -- The new spirit of leadership. | |
| 650 | 0 | _aLeadership. | |
| 650 | 0 | _aPsychology, Industrial. | |
| 650 | 0 |
_aNursing services _xAdministration. |
|
| 650 | 1 | 2 | _aLeadership. |
| 650 | 2 | 2 | _aHealth Services Administration. |
| 650 | 2 | 2 | _aOrganizational Innovation. |
| 700 | 1 | _aMalloch, Kathy. | |
| 942 | _cBK | ||